Представление документа в формате RUSMARC

ПолеНазваниеЗначение
  Тип записи i
  Библиографический уровень m
001 Контрольный номер 2d127f2bf9484f0286a7cc95743b9859
005 Дата корректировки 20240410121215.5
010 Индекс ISBN __
b Уточнения в кор.
d Цена 211-00
100 Данные общей обработки __
a Данные общей обработки 20210209d2017####ad 0rusc0289 ca
101 Язык документа 0_
a Язык текста rus
102 Страна публикации __
a Страна публикации RU
125 Кодированные данные звукозаписи и нотных изданий __
b Определитель литературного текста с
126 Кодированные данные (звукозаписи-физические характеристики) __
a Кодированные данные звукозаписи (общие) аgbхhхх сd
127 Кодированные данные (звукозаписи-физические характеристики) __
a Продолжительность проигрывания 0644##
135 Кодированные данные (электронные ресурсы) __
a Кодированные данные (электронные ресурсы) hongannnauuuu
139 Кодированные данные (электронные ресурсы) __
a Кодированные данные (электронные ресурсы) сaz
181 Поле кодированных данных: вид содержания _0
a Код вида содержания (ISBD) h
182 Поле кодированных данных: тип средства _0
a Код типа средства (ISBD) a
200 Заглавие и сведения об ответственности 1_
a Заглавие Человек-амфибия
e Сведения, относящиеся к заглавию [роман : аудиокнига]
f Первые сведения об ответственности Александр Беляев ; читает Елена Стародуб ; звукорежиссеры: Сергей Карпенко, Алеся Батанцева
203 Вид содержания и тип средства __
a Вид содержания Устная речь
c Тип средства аудио
210 Выходные данные 1_
a Место издания Москва
c Издательство АРДИС
d Дата издания 2017
215 Физическое описание __
a Объем 1 электрон. опт. диск (CD-ROM) (6 ч. 44 мин.)
c Иллюстрации/тип воспроизводства зв.
d Формат 12 см
225 Серия 2_
a Серия Аудиокнига
300 Общие примечания __
a Общие примечания Заглавие с этикетки диска
300 Общие примечания __
a Общие примечания Данные в формате MP3
330 Аннотация __
a Аннотация Аудиостудия "АРДИС" предлагает вашему вниманию роман известного советского писателя-фантаста Александра Романовича Беляева "Человек-амфибия" (1927). Однажды талантливый ученый доктор Сальватор спас жизнь маленькому мальчику, пересадив ему жабры акулы. С этого дня Ихтиандр, так назвал своего приемного сына ученый, мог плавать под водой, как рыба, нырять на любую глубину, но ему было тяжело подолгу находиться на суше…
333 Примечание о целевом назначении __
a Примечание о целевом назначении 6+. Для детей старше шести лет
337 Примечание о системных требованиях (электронные ресурсы) __
a Примечание о системных требованиях (электронные ресурсы) Системные требования: Pentium 100MHz ; 16Mb RAM ; CD-ROM ; зв. карта ; SVGA 800x600 ; Windows
606 Тематические рубрики __
a Основная рубрика Художественная литература
606 Тематические рубрики __
a Основная рубрика Русская литература XX в. (произведения)
610 Ключевые слова 0_
a Ключевые слова романы
610 Ключевые слова 0_
a Ключевые слова фантастика
610 Ключевые слова 0_
a Ключевые слова фантастические романы
610 Ключевые слова 0_
a Ключевые слова советская литература
610 Ключевые слова 0_
a Ключевые слова советская фантастика
610 Ключевые слова 0_
a Ключевые слова тема приключений
610 Ключевые слова 0_
a Ключевые слова тема любви
610 Ключевые слова 0_
a Ключевые слова тема человека
610 Ключевые слова 0_
a Ключевые слова тема предательства
610 Ключевые слова 0_
a Ключевые слова тема обмана
610 Ключевые слова 0_
a Ключевые слова Ихтиандр
610 Ключевые слова 0_
a Ключевые слова литературные герои
610 Ключевые слова 0_
a Ключевые слова литературные персонажи
686 Индексы других классификаций __
a Классификационный индекс 84(2=411.2)6-445я04; ст84(2=411.2)6-445я0
700 Автор _1
a Фамилия Беляев
b Имя А. Р.
g Полное личное имя Александр Романович
4 Код отношения 070
f Даты 1884-1942
702 Вторичная интеллектуальная ответственность _1
a Фамилия Стародуб
b Имя Е. Ю.
g Полное личное имя Елена Юрьевна
4 Код отношения 590
f Даты 1963-
702 Вторичная интеллектуальная ответственность _1
a Фамилия Карпенко
b Имя С.
g Полное личное имя Сергей
4 Код отношения 570
702 Вторичная интеллектуальная ответственность _1
4 Код отношения 570
a Фамилия Батанцева
b Имя А.
g Полное личное имя Алеся
801 Источник записи _0
a Страна RU
b Организация Муниципальное бюджетное учреждение культуры "Централизованная библиотечная система" г. Сургут (Центральная городская библиотека им. А. С. Пушкина)
g Правила каталогизации PSBO
c Дата составления 20210209
801 Источник записи _1
a Страна RU
b Организация Муниципальное бюджетное учреждение культуры "Централизованная библиотечная система" г. Сургут (Центральная городская библиотека им. А. С. Пушкина)
g Правила каталогизации PSBO
c Дата составления 20210209
852 Данные о местонахождении __
j Шифр хранения 84(2=411.2)6-445я04
i Авторский знак Б 44
900 Макрообъекты __
a Макрообъекты Человек-амфибия, 2017
901 Тип документа __
t Тип документа 0
a Ответственный ООФиК/Волкова
903 Характеристики (МАРС) __
a Дата передачи 20210209
c Наименование библиотеки (МАРС) Муниципальное бюджетное учреждение культуры "Централизованная библиотечная система" г. Сургут (Центральная городская библиотека им. А. С. Пушкина)
969 Тип издания __
a Тип издания аудиокнига
a Тип издания издание для слепых
a Тип издания издание для детей
990 Данные о заказе (DOS) __
j Количество экземпляров (DOS) 2
t N записи в КСУ для И/У (DOS) 202102